00547nam a2200181Ia 4500008004100000100001900041245003700060245001800097260002500115260000900140300003100149440006100180650001100241650000900252650001100261999001900272952007400291190423s9999 xx 000 0 und d aGlauser, Wendy a24 ways salt is making you sick/ cWendy Glauser bReader's Digest Asia c2018 aPages 30-37, November 2018 aAsia Reader's Digest: Health Truths About Saltsv114:669 aHealth aSalt aSodium c361520d361520 001040aLuxbLuxd2019-04-23l0r2019-04-23 00:00:00w2019-04-23ySE